| 000 | 00963cab a22002655a 4500 | ||
|---|---|---|---|
| 001 | L145316 | ||
| 008 | 080926s2008 xxko f g 000 0 eng d | ||
| 035 | _a(Sirsi) u145316 | ||
| 041 | 0 | _aeng | |
| 100 | 1 | _aAubrey, Michael | |
| 245 | 0 | 0 |
_aUpdate _bagricultural law |
| 260 | _c2008 | ||
| 490 |
_aSolicitors' Journal _v152(36) 23 September 2008, 24-26(2) |
||
| 520 | _aLooks at the legislative background of restrictive covenants and discusses the continuing unwillingness of the courts to allow modifications or discharge of restrictive covenants on agricultural land. | ||
| 590 | _aKA | ||
| 650 | 2 | 4 | _aCROWE AND HEATON |
| 650 | 2 | 4 | _aHOUSING ACT 1985 SCH 1 |
| 650 | 2 | 4 | _aLAND REGISTRATION ACT 1925 |
| 650 | 2 | 4 | _aLAWNTOWN LTD V CAMENZULI |
| 650 | 2 | 4 | _aLAW OF PROPERTY ACT 1925 S84 |
| 650 | 2 | 4 | _aMCCALL & KEENAN (PRS OF MCCLEAN) V COMMISSIONERS OF HMRC |
| 651 | 4 |
_aEngland and Wales _y1543- |
|
| 690 |
_aPlanning and development _96259 |
||
| 942 | _n0 | ||
| 999 |
_c80772 _d80772 |
||